000
00267nam a2200121Ia 4500
008
190216s9999||||xx |||||||||||||| ||und||
100
_a
Hicks K
245
0
_a
Public Finance
260
_b
Magmillan &co Ltd
_c
1955
300
_a
358p
650
_a
Economics
942
_c
BK
999
_c
9284
_d
9284